| 000 | 00550nam a22002057a 4500 | ||
|---|---|---|---|
| 003 | OSt | ||
| 005 | 20140318140344.0 | ||
| 008 | 131016t xxu||||| |||| 00| 0 eng d | ||
| 020 | _a0590321831 | ||
| 050 |
_aPZ 8.1 _b.Ar7Ad 1997 |
||
| 100 |
_aArkhurst, Joyce Cooper _929793 |
||
| 245 |
_aThe adventures of spider / _cJoyce Cooper Akhurst. |
||
| 260 |
_aNew York : _bScholastic Inc., _c1964. |
||
| 300 |
_a58 p. : _bill. col. ; _c23 cm. |
||
| 521 | _aG5 | ||
| 526 | _c710 | ||
| 650 |
_aSpider _xFiction _929794 |
||
| 942 |
_2lcc _cBK |
||
| 999 |
_c47500 _d47500 |
||